[Event "Brasilia Terraviva op"]
[Site "Brasilia"]
[Date "2016.04.21"]
[Round "2"]
[White "Tarmak, Mart"]
[Black "Barbosa, Eugenio Seve de Me"]
[Result "1/2-1/2"]
[WhiteElo "1800"]
[BlackElo "2032"]
[PlyCount "54"]
[EventDate "2016.04.21"]
[EventType "swiss"]
[EventRounds "7"]
[EventCountry "BRA"]
[SourceTitle "CBM 172 Extra"]
[Source "ChessBase"]
[SourceDate "2016.06.21"]
[SourceVersion "1"]
[SourceVersionDate "2016.06.21"]
[SourceQuality "1"]

1. e4 e6 2. d3 d5 3. exd5 exd5 4. g3 Nf6 5. Bg2 Bd6 6. Ne2 O-O 7. O-O Bg4 8. h3
Bh5 9. Bg5 c6 10. g4 Bg6 11. Bf4 Bc5 12. d4 Bd6 13. Nd2 Re8 14. Bxd6 Qxd6 15.
f4 Bxc2 16. Qxc2 Rxe2 17. Qd3 Re8 18. g5 Nfd7 19. f5 Na6 20. Qf3 Nc7 21. Rf2 c5
22. dxc5 Nxc5 23. Rd1 Qe5 24. g6 f6 25. gxh7+ Kxh7 26. Qh5+ Kg8 27. Nf3 Qg3
1/2-1/2

[Event "Brasilia Terraviva op"]
[Site "Brasilia"]
[Date "2016.04.22"]
[Round "3"]
[White "Barbosa, Eugenio Seve de Me"]
[Black "Da Silva, Renato Claudio Melo"]
[Result "1/2-1/2"]
[WhiteElo "2032"]
[BlackElo "1615"]
[PlyCount "48"]
[EventDate "2016.04.21"]
[EventType "swiss"]
[EventRounds "7"]
[EventCountry "BRA"]
[SourceTitle "CBM 172 Extra"]
[Source "ChessBase"]
[SourceDate "2016.06.21"]
[SourceVersion "1"]
[SourceVersionDate "2016.06.21"]
[SourceQuality "1"]

1. d4 d5 2. Bf4 Nf6 3. Nf3 g6 4. e3 Bg7 5. h3 O-O 6. Be2 c5 7. c3 cxd4 8. exd4
Nc6 9. Nbd2 Qb6 10. Qb3 Qxb3 11. axb3 Bf5 12. O-O Rfe8 13. Bb5 Bd7 14. Rfe1 a6
15. Bd3 Bf5 16. Bf1 Ne4 17. b4 f6 18. g4 Nxd2 19. Nxd2 Bd7 20. Bg2 e6 21. Nb3
Bf8 22. g5 Kf7 23. Nc5 Ne7 24. gxf6 Kxf6 1/2-1/2

[Event "Brasilia Terraviva op"]
[Site "Brasilia"]
[Date "2016.04.23"]
[Round "4"]
[White "Almeida, Flavio Silva"]
[Black "Barbosa, Eugenio Seve de Me"]
[Result "1/2-1/2"]
[WhiteElo "1765"]
[BlackElo "2032"]
[PlyCount "55"]
[EventDate "2016.04.21"]
[EventType "swiss"]
[EventRounds "7"]
[EventCountry "BRA"]
[SourceTitle "CBM 172 Extra"]
[Source "ChessBase"]
[SourceDate "2016.06.21"]
[SourceVersion "1"]
[SourceVersionDate "2016.06.21"]
[SourceQuality "1"]

1. e4 e6 2. d4 d5 3. Nc3 Bb4 4. Nge2 dxe4 5. a3 Be7 6. Nxe4 Nc6 7. c4 Nf6 8.
N4c3 O-O 9. g3 a5 10. Bg2 e5 11. d5 Nb8 12. O-O Nbd7 13. h3 Nc5 14. Qc2 Bd7 15.
Be3 Qc8 16. Bxc5 Bxc5 17. Kh2 a4 18. Ng1 Re8 19. Rae1 h6 20. Re2 Bf5 21. Qd1
Qd7 22. Rfe1 e4 23. Bxe4 Bxe4 24. Nxe4 Nxe4 25. Rxe4 Rxe4 26. Rxe4 Bxf2 27. Qf1
Bxg1+ 28. Qxg1 1/2-1/2

[Event "Brasilia Terraviva op"]
[Site "Brasilia"]
[Date "2016.04.23"]
[Round "5"]
[White "Barbosa, Eugenio Seve de Me"]
[Black "Coelho, Tatiane Cristina"]
[Result "1-0"]
[WhiteElo "2032"]
[BlackElo "1797"]
[PlyCount "57"]
[EventDate "2016.04.21"]
[EventType "swiss"]
[EventRounds "7"]
[EventCountry "BRA"]
[SourceTitle "CBM 172 Extra"]
[Source "ChessBase"]
[SourceDate "2016.06.21"]
[SourceVersion "1"]
[SourceVersionDate "2016.06.21"]
[SourceQuality "1"]

1. d4 Nf6 2. Nf3 c5 3. c3 e6 4. Bf4 Be7 5. e3 O-O 6. Bd3 d5 7. Nbd2 b6 8. Qe2
Nbd7 9. Ne5 Bb7 10. Qf3 Rc8 11. Qh3 Re8 12. Ndf3 Ne4 13. Nxd7 Qxd7 14. Ne5 Qd8
15. f3 Nf6 16. g4 g6 17. Qg3 cxd4 18. exd4 Nh5 19. gxh5 Bh4 20. hxg6 Bxg3+ 21.
hxg3 fxg6 22. O-O-O a6 23. Nf7 Qd7 24. Bxg6 hxg6 25. Rh8+ Kg7 26. Be5+ Kxf7 27.
Rh7+ Kf8 28. Rxd7 Bc6 29. Rh7 1-0

[Event "Brasilia Terraviva op"]
[Site "Brasilia"]
[Date "2016.04.24"]
[Round "7"]
[White "Dos Santos Junior, Joao Batista"]
[Black "Barbosa, Eugenio Seve de Me"]
[Result "0-1"]
[WhiteElo "1741"]
[BlackElo "2032"]
[PlyCount "88"]
[EventDate "2016.04.21"]
[EventType "swiss"]
[EventRounds "7"]
[EventCountry "BRA"]
[SourceTitle "CBM 172 Extra"]
[Source "ChessBase"]
[SourceDate "2016.06.21"]
[SourceVersion "1"]
[SourceVersionDate "2016.06.21"]
[SourceQuality "1"]

1. c4 Nf6 2. Nf3 g6 3. g3 Bg7 4. Bg2 O-O 5. O-O d5 6. cxd5 Nxd5 7. Re1 e5 8.
Nc3 Nb6 9. d3 h6 10. Bd2 Nc6 11. Qc1 Kh7 12. Rb1 Be6 13. a3 Bb3 14. Ne4 Be6 15.
Nc5 Bc8 16. Bc3 Nd4 17. b4 c6 18. Nd2 Qe7 19. e3 Nb5 20. Ba1 Bf5 21. Nde4 Rab8
22. d4 Rfe8 23. Rb3 exd4 24. a4 Nd6 25. exd4 Nd5 26. f3 Be6 27. Rb1 Nf5 28.
Nxe6 fxe6 29. Qd2 b6 30. Nf2 b5 31. a5 Nd6 32. Nd3 Nc4 33. Qc1 Qg5 34. f4 Qe7
35. Nc5 Qf7 36. Bh3 Nc7 37. Qd1 Rbd8 38. Rb3 e5 39. Rd3 exd4 40. Rxe8 Qxe8 41.
Bf1 Nd5 42. Qe2 Qxe2 43. Bxe2 Nxb4 44. Rd1 Ne3 0-1

[Event "Tres Barras Catarinense-ch"]
[Site "Tres Barras"]
[Date "2016.06.23"]
[Round "1"]
[White "Neitzel, Jonatan"]
[Black "Barbosa, Evandro Amorim"]
[Result "0-1"]
[WhiteElo "1670"]
[BlackElo "2505"]
[PlyCount "76"]
[EventDate "2016.06.23"]
[EventType "swiss"]
[EventRounds "7"]
[EventCountry "BRA"]
[SourceTitle "EXT 2017"]
[Source "ChessBase"]
[SourceDate "2016.10.25"]
[SourceVersion "1"]
[SourceVersionDate "2016.10.25"]
[SourceQuality "1"]

1. d4 Nf6 2. Nf3 g6 3. Bf4 Bg7 4. e3 O-O 5. Be2 d6 6. h3 Nbd7 7. Nbd2 b6 8. O-O
Bb7 9. c4 Ne4 10. Nxe4 Bxe4 11. Nd2 Bb7 12. Bf3 Qc8 13. Bxb7 Qxb7 14. Qf3 c6
15. Rab1 e5 16. dxe5 dxe5 17. Bh2 f5 18. b4 Rad8 19. Rfd1 e4 20. Qe2 Ne5 21.
Bxe5 Bxe5 22. Nb3 Rde8 23. c5 b5 24. Nd4 f4 25. Qg4 Rf6 26. Ne2 f3 27. Rd7 Qc8
28. Nf4 Bxf4 29. exf4 h5 30. Qg5 Qxd7 31. Qxf6 Re6 32. Qc3 fxg2 33. Qb3 Kh7 34.
Rd1 Qe7 35. Qe3 Qf7 36. Rd6 Rxd6 37. cxd6 Qd7 38. Qc5 Qxh3 0-1

[Event "Tres Barras Catarinense-ch"]
[Site "Tres Barras"]
[Date "2016.06.24"]
[Round "2"]
[White "Barbosa, Evandro Amorim"]
[Black "Batista, Gerson Peres"]
[Result "1-0"]
[WhiteElo "2505"]
[BlackElo "2172"]
[PlyCount "101"]
[EventDate "2016.06.23"]
[EventType "swiss"]
[EventRounds "7"]
[EventCountry "BRA"]
[SourceTitle "EXT 2017"]
[Source "ChessBase"]
[SourceDate "2016.10.25"]
[SourceVersion "1"]
[SourceVersionDate "2016.10.25"]
[SourceQuality "1"]

1. g3 c5 2. Bg2 Nc6 3. e4 g6 4. Nc3 Bg7 5. d3 d6 6. Be3 e6 7. Qd2 Nd4 8. Nd1
Ne7 9. c3 Ndc6 10. Bh6 Bxh6 11. Qxh6 Ne5 12. Qd2 O-O 13. Ne2 b6 14. d4 cxd4 15.
cxd4 N5c6 16. Ne3 d5 17. e5 Kg7 18. h4 h6 19. h5 g5 20. f4 Ng8 21. fxg5 Qxg5
22. Rh4 Kh8 23. Rg4 Qd8 24. Rc1 Nce7 25. Rf4 Bd7 26. Ng4 Nf5 27. Nf6 Nxf6 28.
exf6 Qxf6 29. g4 Rg8 30. Rc7 Be8 31. Bxd5 Rd8 32. Bf3 Qh4+ 33. Kd1 Nd6 34. Qe3
Qg5 35. Ke1 Nb5 36. Rc4 Nd6 37. Rc1 Rc8 38. Rxc8 Nxc8 39. Nc3 Nd6 40. Qe5+
Qxe5+ 41. dxe5 Nc8 42. Rc4 Ne7 43. Rc7 Nd5 44. Bxd5 exd5 45. Nxd5 Rg5 46. Re7
Bb5 47. Ne3 Kg8 48. Nf5 Bd3 49. Nxh6+ Kg7 50. Nxf7 Rxg4 51. Rxa7 1-0

[Event "Tres Barras Catarinense-ch"]
[Site "Tres Barras"]
[Date "2016.06.24"]
[Round "3"]
[White "Perdomo, Leandro Daniel"]
[Black "Barbosa, Evandro Amorim"]
[Result "1/2-1/2"]
[WhiteElo "2452"]
[BlackElo "2505"]
[PlyCount "20"]
[EventDate "2016.06.23"]
[EventType "swiss"]
[EventRounds "7"]
[EventCountry "BRA"]
[SourceTitle "EXT 2017"]
[Source "ChessBase"]
[SourceDate "2016.10.25"]
[SourceVersion "1"]
[SourceVersionDate "2016.10.25"]
[SourceQuality "1"]

1. d4 Nf6 2. c4 g6 3. Nc3 d5 4. cxd5 Nxd5 5. e4 Nxc3 6. bxc3 Bg7 7. Be3 c5 8.
Rc1 Qa5 9. Qd2 O-O 10. Nf3 Rd8 1/2-1/2

[Event "Tres Barras Catarinense-ch"]
[Site "Tres Barras"]
[Date "2016.06.25"]
[Round "4"]
[White "Barbosa, Evandro Amorim"]
[Black "Ribeiro, Regina"]
[Result "1-0"]
[WhiteElo "2505"]
[BlackElo "1992"]
[PlyCount "73"]
[EventDate "2016.06.23"]
[EventType "swiss"]
[EventRounds "7"]
[EventCountry "BRA"]
[SourceTitle "EXT 2017"]
[Source "ChessBase"]
[SourceDate "2016.10.25"]
[SourceVersion "1"]
[SourceVersionDate "2016.10.25"]
[SourceQuality "1"]

1. e4 c5 2. Nf3 d6 3. d4 cxd4 4. Nxd4 Nf6 5. Nc3 a6 6. h3 b5 7. g4 Bb7 8. Bg2
e5 9. Nf5 b4 10. Nd5 Nxd5 11. exd5 g6 12. Ng3 Nd7 13. O-O Bg7 14. a3 a5 15.
axb4 axb4 16. Bd2 Qb6 17. Be3 Rxa1 18. Qxa1 Qb5 19. Ne4 Ke7 20. Rd1 Ra8 21. Qc1
Nb6 22. Bf1 Qa5 23. Bh6 Bh8 24. c4 bxc3 25. Nxc3 Rc8 26. Qg5+ Bf6 27. Qd2 Nc4
28. Qe2 Ba6 29. Qf3 Nxb2 30. Ne4 Bh8 31. Bg5+ Kf8 32. Nxd6 Rc7 33. Rc1 Bxf1 34.
Bh6+ Bg7 35. Bxg7+ Kxg7 36. Rxc7 Qxc7 37. Ne8+ 1-0

[Event "Tres Barras Catarinense-ch"]
[Site "Tres Barras"]
[Date "2016.06.25"]
[Round "5"]
[White "Barbosa, Evandro Amorim"]
[Black "De Borba, Gabriel"]
[Result "1-0"]
[WhiteElo "2505"]
[BlackElo "1898"]
[PlyCount "45"]
[EventDate "2016.06.23"]
[EventType "swiss"]
[EventRounds "7"]
[EventCountry "BRA"]
[SourceTitle "EXT 2017"]
[Source "ChessBase"]
[SourceDate "2016.10.25"]
[SourceVersion "1"]
[SourceVersionDate "2016.10.25"]
[SourceQuality "1"]

1. e4 a5 2. Nf3 e6 3. d3 d5 4. Qe2 dxe4 5. dxe4 Nc6 6. c3 Nf6 7. e5 Nd5 8. g3
b6 9. c4 Nde7 10. Nc3 Bb7 11. Bg5 h6 12. Nb5 Nd4 13. Nfxd4 Bxh1 14. Nd6+ Kd7
15. N4b5 hxg5 16. O-O-O Nd5 17. Nxf7 Qe8 18. Nxh8 Be7 19. cxd5 Bxd5 20. Qg4 Kc6
21. Rxd5 exd5 22. Qe6+ Kb7 23. Qxd5+ 1-0

[Event "Tres Barras Catarinense-ch"]
[Site "Tres Barras"]
[Date "2016.06.26"]
[Round "6"]
[White "Leitao, Rafael Duailibe"]
[Black "Barbosa, Evandro Amorim"]
[Result "1/2-1/2"]
[WhiteElo "2612"]
[BlackElo "2505"]
[PlyCount "85"]
[EventDate "2016.06.23"]
[EventType "swiss"]
[EventRounds "7"]
[EventCountry "BRA"]
[SourceTitle "EXT 2017"]
[Source "ChessBase"]
[SourceDate "2016.10.25"]
[SourceVersion "1"]
[SourceVersionDate "2016.10.25"]
[SourceQuality "1"]

1. d4 Nf6 2. c4 c5 3. d5 b5 4. Nf3 bxc4 5. Nc3 d6 6. e4 Nbd7 7. Bxc4 g6 8. O-O
Bg7 9. h3 O-O 10. Bf4 Rb8 11. Rb1 Nh5 12. Be3 Rb4 13. Be2 Qb6 14. Qc2 Ba6 15.
a3 Rb3 16. Na4 Qa5 17. Bxa6 Rxe3 18. fxe3 Qxa6 19. Rfc1 Ne5 20. Nxe5 Bxe5 21.
b4 Ng3 22. b5 Qb7 23. Nb2 f5 24. Nc4 Nxe4 25. Nxe5 dxe5 26. a4 Qb6 27. Qb2 c4
28. Qxe5 Qxe3+ 29. Kh2 f4 30. Qe6+ Rf7 31. Qg4 Nd2 32. Re1 Qf2 33. Rbd1 Kg7 34.
Qe2 Qg3+ 35. Kh1 c3 36. Qe5+ Kh6 37. Re2 Rf5 38. Qxe7 Nf3 39. gxf3 Qxf3+ 40.
Kh2 Qg3+ 41. Kh1 Qf3+ 42. Kh2 Qg3+ 43. Kh1 1/2-1/2

[Event "Tres Barras Catarinense-ch"]
[Site "Tres Barras"]
[Date "2016.06.26"]
[Round "7"]
[White "Quintiliano Pinto, Renato Rodrigues"]
[Black "Barbosa, Evandro Amorim"]
[Result "1/2-1/2"]
[WhiteElo "2441"]
[BlackElo "2505"]
[PlyCount "73"]
[EventDate "2016.06.23"]
[EventType "swiss"]
[EventRounds "7"]
[EventCountry "BRA"]
[SourceTitle "EXT 2017"]
[Source "ChessBase"]
[SourceDate "2016.10.25"]
[SourceVersion "1"]
[SourceVersionDate "2016.10.25"]
[SourceQuality "1"]

1. Nf3 c5 2. g3 Nc6 3. Bg2 g6 4. O-O Bg7 5. c3 d5 6. d4 cxd4 7. cxd4 Nf6 8. Nc3
O-O 9. Ne5 e6 10. f4 Nd7 11. Nf3 Nf6 12. Ne5 Nd7 13. Be3 Nb6 14. Bf2 Bd7 15. e4
Ne7 16. Qb3 dxe4 17. Bxe4 Bc6 18. Bxc6 Nxc6 19. Nxc6 bxc6 20. Rfd1 Rb8 21. Rac1
Nd5 22. Qa3 Qe7 23. Nxd5 Qxa3 24. Nf6+ Bxf6 25. bxa3 Rfc8 26. Rc2 Rb5 27. Rdc1
Rd8 28. Rxc6 Bxd4 29. Bxd4 Rxd4 30. R1c2 Ra4 31. Rc8+ Kg7 32. R8c7 Rxa3 33. Rd7
h5 34. Rcc7 Rxa2 35. Rxf7+ Kg8 36. Rg7+ Kf8 37. Rgf7+ 1/2-1/2

[Event "Brasilia Terraviva op"]
[Site "Brasilia"]
[Date "2017.01.06"]
[Round "1"]
[White "Barbosa, Evandro Amorim"]
[Black "Zandonai Ignacio, Antonio Carlos"]
[Result "1-0"]
[WhiteElo "2496"]
[BlackElo "1758"]
[PlyCount "42"]
[EventDate "2017.01.06"]
[EventType "swiss"]
[EventRounds "6"]
[EventCountry "BRA"]
[SourceTitle "CBM 176 Extra"]
[Source "ChessBase"]
[SourceDate "2017.03.02"]
[SourceVersion "1"]
[SourceVersionDate "2017.03.02"]
[SourceQuality "1"]

1. d4 Nf6 2. Nf3 g6 3. Bf4 Bg7 4. e3 O-O 5. h3 d6 6. c3 Nbd7 7. Be2 b6 8. O-O
Bb7 9. a4 Ne4 10. Bh2 e5 11. a5 Rb8 12. Na3 Ng5 13. Nd2 f5 14. a6 Nxh3+ 15.
gxh3 Qg5+ 16. Bg3 f4 17. exf4 exf4 18. h4 Qh6 19. axb7 fxg3 20. fxg3 Qe3+ 21.
Kg2 Rxb7 1-0

[Event "Brasilia Terraviva op"]
[Site "Brasilia"]
[Date "2017.01.06"]
[Round "1"]
[White "Tsuboi, Edson Kenji"]
[Black "Barbosa, Edinardo Meireles"]
[Result "1-0"]
[WhiteElo "2257"]
[BlackElo "1673"]
[PlyCount "103"]
[EventDate "2017.01.06"]
[EventType "swiss"]
[EventRounds "6"]
[EventCountry "BRA"]
[SourceTitle "CBM 176 Extra"]
[Source "ChessBase"]
[SourceDate "2017.03.02"]
[SourceVersion "1"]
[SourceVersionDate "2017.03.02"]
[SourceQuality "1"]

1. d4 d5 2. c4 e6 3. Nc3 c5 4. cxd5 Nf6 5. dxe6 Bxe6 6. Nf3 Nc6 7. e3 cxd4 8.
Nxd4 Nxd4 9. exd4 Be7 10. Bb5+ Bd7 11. Qa4 O-O 12. Bxd7 Nxd7 13. Be3 Nb6 14.
Qb3 Bf6 15. O-O Qd7 16. Rad1 Rac8 17. Ne4 Be7 18. d5 Na4 19. d6 Bd8 20. Bd4 Re8
21. Qg3 f5 22. Ng5 Nc5 23. Bxc5 Rxc5 24. Qb3+ Kh8 25. Nf7+ Kg8 26. Nxd8+ Kf8
27. Nxb7 Rb5 28. Qxb5 Qxb5 29. d7 Qxb7 30. dxe8=Q+ Kxe8 31. Rd2 Kf7 32. Rfd1
Kg6 33. b3 Qe4 34. Rd6+ Kh5 35. h3 a5 36. R6d4 Qe2 37. R4d2 Qa6 38. Rd5 g6 39.
R1d3 Qc6 40. g3 Kh6 41. Rxa5 Qc1+ 42. Kg2 Qe1 43. Ra4 Qe2 44. Re3 Qc2 45. Rh4+
Kg5 46. Rxh7 Qxa2 47. Rf3 Qa8 48. Rh4 Kf6 49. Rhf4 Ke5 50. h4 Qb7 51. h5 Qh7
52. hxg6 1-0

[Event "Brasilia Terraviva op"]
[Site "Brasilia"]
[Date "2017.01.06"]
[Round "2"]
[White "Baeta, Marcio Netto"]
[Black "Barbosa, Evandro Amorim"]
[Result "0-1"]
[WhiteElo "2047"]
[BlackElo "2496"]
[PlyCount "42"]
[EventDate "2017.01.06"]
[EventType "swiss"]
[EventRounds "6"]
[EventCountry "BRA"]
[SourceTitle "CBM 176 Extra"]
[Source "ChessBase"]
[SourceDate "2017.03.02"]
[SourceVersion "1"]
[SourceVersionDate "2017.03.02"]
[SourceQuality "1"]

1. c4 c5 2. Nc3 Nc6 3. Nf3 e5 4. d3 g6 5. g3 Bg7 6. Bg2 d6 7. h4 h6 8. Bd2 Nge7
9. e4 Bg4 10. Qb3 Qd7 11. Nd5 Bxf3 12. Bxf3 Nd4 13. Qd1 Nxd5 14. exd5 O-O 15.
O-O f5 16. Bg2 f4 17. Kh2 fxg3+ 18. fxg3 Rxf1 19. Qxf1 Rf8 20. Qg1 Qf5 21. Qe3
Nc2 0-1

[Event "Brasilia Terraviva op"]
[Site "Brasilia"]
[Date "2017.01.06"]
[Round "2"]
[White "Barbosa, Edinardo Meireles"]
[Black "Santos, Saymon Silva"]
[Result "1-0"]
[WhiteElo "1673"]
[BlackElo "1401"]
[PlyCount "54"]
[EventDate "2017.01.06"]
[EventType "swiss"]
[EventRounds "6"]
[EventCountry "BRA"]
[SourceTitle "CBM 176 Extra"]
[Source "ChessBase"]
[SourceDate "2017.03.02"]
[SourceVersion "1"]
[SourceVersionDate "2017.03.02"]
[SourceQuality "1"]

1. e4 c6 2. f4 d5 3. e5 Bf5 4. Nf3 Nd7 5. d4 e6 6. Bd3 Bb4+ 7. Bd2 Bxd3 8. Bxb4
Bf5 9. O-O Ne7 10. Nbd2 b6 11. Nb3 a5 12. Be1 Ng6 13. Qc1 a4 14. Nbd2 Nxf4 15.
Qd1 g5 16. Nh4 Nh3+ 17. gxh3 gxh4 18. Rxf5 exf5 19. Qh5 Qe7 20. Bxh4 Qe6 21.
Kh1 Qg6 22. Qf3 Qh6 23. Qf2 Rf8 24. Nf3 f6 25. Re1 O-O-O 26. e6 Rfe8 27. e7 Qf4
1-0

[Event "Brasilia Terraviva op"]
[Site "Brasilia"]
[Date "2017.01.07"]
[Round "3"]
[White "Barbosa, Evandro Amorim"]
[Black "Feliciano Ebert, Vanessa"]
[Result "1-0"]
[WhiteElo "2496"]
[BlackElo "2207"]
[PlyCount "99"]
[EventDate "2017.01.06"]
[EventType "swiss"]
[EventRounds "6"]
[EventCountry "BRA"]
[SourceTitle "CBM 176 Extra"]
[Source "ChessBase"]
[SourceDate "2017.03.02"]
[SourceVersion "1"]
[SourceVersionDate "2017.03.02"]
[SourceQuality "1"]

1. d4 Nf6 2. Nf3 e6 3. Bf4 b6 4. e3 Bb7 5. h3 Be7 6. Bd3 O-O 7. Nbd2 c5 8. c3
d6 9. Bh2 Re8 10. O-O Bf8 11. Qe2 Nc6 12. Rad1 cxd4 13. cxd4 Rc8 14. a3 Qe7 15.
Nc4 Red8 16. e4 e5 17. dxe5 dxe5 18. Ncxe5 Nxe5 19. Nxe5 Nd7 20. Nxd7 Rxd7 21.
Bb1 Rxd1 22. Rxd1 Qe6 23. Qd3 Be7 24. Bf4 g6 25. Re1 Bf6 26. Bc1 Bg7 27. Qd1 a5
28. Bc2 b5 29. Bd3 b4 30. axb4 axb4 31. Qa4 b3 32. Qb4 Ba8 33. Qd2 Qd6 34. Qe2
Bb7 35. Qe3 Bd4 36. Qe2 Bg7 37. Bb1 Qe6 38. Rd1 Ba6 39. Qf3 Be5 40. Qe3 Bg7 41.
Kh2 Bf6 42. f4 Bb7 43. Qe2 Ba6 44. Qf2 Bb7 45. e5 Be7 46. Be3 Bb4 47. Qg3 Re8
48. f5 Qc6 49. e6 Ba5 50. exf7+ 1-0

[Event "Brasilia Terraviva op"]
[Site "Brasilia"]
[Date "2017.01.07"]
[Round "3"]
[White "De Arruda Filho, Nivaldo Jesus"]
[Black "Barbosa, Edinardo Meireles"]
[Result "1-0"]
[WhiteElo "1951"]
[BlackElo "1673"]
[PlyCount "55"]
[EventDate "2017.01.06"]
[EventType "swiss"]
[EventRounds "6"]
[EventCountry "BRA"]
[SourceTitle "CBM 176 Extra"]
[Source "ChessBase"]
[SourceDate "2017.03.02"]
[SourceVersion "1"]
[SourceVersionDate "2017.03.02"]
[SourceQuality "1"]

1. e4 e6 2. d4 d5 3. exd5 exd5 4. Bd3 Nf6 5. Bg5 Be7 6. Nc3 Be6 7. Nge2 Nbd7 8.
Qd2 c6 9. O-O-O Ng4 10. Bxe7 Qxe7 11. Nf4 O-O 12. Rde1 Rae8 13. Bf5 Bxf5 14.
Rxe7 Rxe7 15. Nd1 Rfe8 16. f3 Ngf6 17. g4 Bg6 18. h4 h5 19. g5 Nh7 20. Rh2 Nhf8
21. Re2 Re6 22. Nxe6 fxe6 23. f4 Nb6 24. b3 Nc8 25. Qb4 Be4 26. Nf2 Bf5 27. Nd3
Bxd3 28. cxd3 1-0

[Event "Brasilia Terraviva op"]
[Site "Brasilia"]
[Date "2017.01.07"]
[Round "4"]
[White "Barbosa, Edinardo Meireles"]
[Black "Bezerra, Elias Vidal Jr"]
[Result "1/2-1/2"]
[WhiteElo "1673"]
[BlackElo "1782"]
[PlyCount "108"]
[EventDate "2017.01.06"]
[EventType "swiss"]
[EventRounds "6"]
[EventCountry "BRA"]
[SourceTitle "CBM 176 Extra"]
[Source "ChessBase"]
[SourceDate "2017.03.02"]
[SourceVersion "1"]
[SourceVersionDate "2017.03.02"]
[SourceQuality "1"]

1. e4 d5 2. exd5 Qxd5 3. Nc3 Qd8 4. d4 h6 5. Nf3 Bg4 6. Be2 Nf6 7. O-O e6 8. a3
a6 9. Bf4 Bd6 10. Bc1 Nc6 11. Kh1 Qe7 12. b4 O-O 13. Re1 Rad8 14. b5 axb5 15.
Nxb5 Qd7 16. Nxd6 Qxd6 17. c3 Ne4 18. Qc2 Nxf2+ 19. Kg1 Bf5 20. Qb3 Ne4 21. a4
b6 22. Qc2 Ng3 23. Bd3 Bxd3 24. Qxd3 Nf5 25. Ba3 Qd7 26. Bxf8 Kxf8 27. Qb5 Qd6
28. Qd3 Na5 29. Ne5 Kg8 30. Nc4 Qd5 31. Nxa5 Qxa5 32. Qc4 Qa7 33. Qc6 Ne7 34.
Qf3 Nf5 35. Kf1 Qa5 36. Re5 c5 37. g4 Nh4 38. Qg3 Qa8 39. d5 Ng6 40. Re3 Rxd5
41. Kg1 Rg5 42. h4 Rd5 43. h5 Ne7 44. Qf3 Qb8 45. Rf1 Qe8 46. c4 Rd4 47. Re4
Rxe4 48. Qxe4 Qxa4 49. Qd3 Nc6 50. Qd7 f6 51. Qxe6+ Kh7 52. Qe4+ Kh8 53. Qe8+
Kh7 54. Qe4+ Kh8 1/2-1/2

[Event "Brasilia Terraviva op"]
[Site "Brasilia"]
[Date "2017.01.08"]
[Round "5"]
[White "Barbosa, Evandro Amorim"]
[Black "De Paula, Rafael Figueiredo"]
[Result "1-0"]
[WhiteElo "2496"]
[BlackElo "2312"]
[PlyCount "109"]
[EventDate "2017.01.06"]
[EventType "swiss"]
[EventRounds "6"]
[EventCountry "BRA"]
[SourceTitle "CBM 176 Extra"]
[Source "ChessBase"]
[SourceDate "2017.03.02"]
[SourceVersion "1"]
[SourceVersionDate "2017.03.02"]
[SourceQuality "1"]

1. g3 Nf6 2. Bg2 c5 3. e4 d6 4. c4 g6 5. Nc3 Bg7 6. Nge2 O-O 7. O-O Nbd7 8. d3
Rb8 9. h3 b6 10. Be3 Bb7 11. Qd2 Re8 12. Rab1 e6 13. Nb5 Qe7 14. Nxa7 d5 15.
Bg5 dxe4 16. d4 Red8 17. Qc2 h6 18. Be3 Ra8 19. Nb5 cxd4 20. Bxd4 Rxa2 21. Nec3
Raa8 22. Nxe4 Bxe4 23. Bxe4 Nxe4 24. Qxe4 Nc5 25. Qe3 Bxd4 26. Nxd4 Qf6 27. Nb5
Kg7 28. b4 Nd7 29. Rfe1 Ra2 30. Kg2 Rc8 31. Nd6 Rca8 32. Rbd1 Qb2 33. Nxf7 Nf6
34. Nd8 Ne4 35. Rd7+ Kg8 36. Rf1 Qf6 37. Qxe4 Rxd8 38. Rxd8+ Qxd8 39. Qxg6+ Kf8
40. Qxh6+ Ke7 41. Qg7+ Ke8 42. Qg6+ Ke7 43. Qg5+ Ke8 44. Qe5 Qa8+ 45. Kg1 Kf7
46. Qc7+ Kg6 47. Re1 Ra1 48. Rxa1 Qxa1+ 49. Kg2 Qd4 50. Qc6 Kf7 51. Qc7+ Ke8
52. Qc6+ Kf7 53. c5 bxc5 54. Qxc5 Qe4+ 55. Kh2 1-0

[Event "Brasilia Terraviva op"]
[Site "Brasilia"]
[Date "2017.01.08"]
[Round "6"]
[White "Matsuura, Everaldo"]
[Black "Barbosa, Evandro Amorim"]
[Result "1/2-1/2"]
[WhiteElo "2477"]
[BlackElo "2496"]
[PlyCount "22"]
[EventDate "2017.01.06"]
[EventType "swiss"]
[EventRounds "6"]
[EventCountry "BRA"]
[SourceTitle "CBM 176 Extra"]
[Source "ChessBase"]
[SourceDate "2017.03.02"]
[SourceVersion "1"]
[SourceVersionDate "2017.03.02"]
[SourceQuality "1"]

1. e4 c5 2. Nf3 e6 3. c3 Nf6 4. e5 Nd5 5. d4 cxd4 6. cxd4 d6 7. Bc4 Nb6 8. Bb3
dxe5 9. Nxe5 Nc6 10. Nf3 Be7 11. Nc3 O-O 1/2-1/2

[Event "Florianopolis op 3rd"]
[Site "Florianopolis"]
[Date "2017.01.20"]
[Round "1"]
[White "Barbosa, Evandro Amorim"]
[Black "Dos Santos, Haroldo Cunha Jr"]
[Result "1-0"]
[WhiteElo "2496"]
[BlackElo "2148"]
[PlyCount "51"]
[EventDate "2017.01.20"]
[EventType "swiss"]
[EventRounds "10"]
[EventCountry "BRA"]
[SourceTitle "CBM 176 Extra"]
[Source "ChessBase"]
[SourceDate "2017.03.02"]
[SourceVersion "1"]
[SourceVersionDate "2017.03.02"]
[SourceQuality "1"]

1. e4 e5 2. Nf3 Nc6 3. Nc3 Nf6 4. Bb5 d6 5. d4 exd4 6. Nxd4 Bd7 7. O-O Be7 8.
Re1 O-O 9. Bf1 Ne5 10. f4 Ng6 11. h3 Re8 12. g4 h6 13. Qf3 c6 14. a4 a5 15. Be3
Bf8 16. Bf2 Qc7 17. Rad1 Rad8 18. Qg3 Bc8 19. Bg2 Nd7 20. h4 Nc5 21. g5 hxg5
22. hxg5 Qd7 23. f5 Ne5 24. Qh4 g6 25. Re3 Bg7 26. Rh3 1-0

[Event "Florianopolis op 3rd"]
[Site "Florianopolis"]
[Date "2017.01.21"]
[Round "2"]
[White "Cambando, Jose"]
[Black "Barbosa, Evandro Amorim"]
[Result "1/2-1/2"]
[WhiteElo "2193"]
[BlackElo "2496"]
[PlyCount "53"]
[EventDate "2017.01.20"]
[EventType "swiss"]
[EventRounds "10"]
[EventCountry "BRA"]
[SourceTitle "CBM 176 Extra"]
[Source "ChessBase"]
[SourceDate "2017.03.02"]
[SourceVersion "1"]
[SourceVersionDate "2017.03.02"]
[SourceQuality "1"]

1. e4 c5 2. Nf3 e6 3. d4 cxd4 4. Nxd4 Nc6 5. Nxc6 bxc6 6. Bd3 Nf6 7. O-O d5 8.
Nc3 Be7 9. Qf3 O-O 10. Bf4 Bb7 11. Rad1 Nd7 12. exd5 cxd5 13. Qh3 g6 14. Bh6
Re8 15. Bb5 Rc8 16. Nxd5 Bxd5 17. Rxd5 exd5 18. Bxd7 Rxc2 19. Bxe8 Qxe8 20. Qb3
Rc4 21. Qb7 Qd8 22. Re1 Re4 23. Rxe4 dxe4 24. h3 Qd1+ 25. Kh2 Bd6+ 26. g3 Bxg3+
27. fxg3 1/2-1/2